01942nam a2200385 a 4500001001200000003000800012006001900020007001500039008004100054020002700095020002800122020001800150020002700168040002100195035002100216050002600237111007500263245014600338246005400484246005400538246005600592260005000648300003200698500014700730504004100877505019600918533015201114650004001266650001801306650002101324655002901345710003901374710001701413856012601430ebr10512155CaPaEBRm u cr cn|||||||||111212s2009 sz ac sb 000 0 eng d z9789222227006 (French) z9789223227005 (Spanish) z9789221227007 z9789221227014 (e-book) aCaPaEBRcCaPaEBR a(OCoLC)76919011714aHD5701.3b.I58 2009eb2 aInternational Labour Conferencen(98th :d2009 :cGeneva, Switzerland)10aILO Summit on the Global Jobs Crisis (Geneva, 15-17 June 2009)h[electronic resource] :bInternational Labour Conference, 98th session, 2009.3 aILO Summit on the Global Jobs Crisis :bJune 200931aSommet de l'OIT sur la crise mondiale de l'emploi31aCumbre de la OIT sobre la crisis mundial del empleo aGeneva :bInternational Labour Office,c2009. axiii, 203 p. :bill., port. aAlso available in French: Sommet de l'OIT sur la crise mondiale de l'emploi ; in Spanish: Cumbre de la OIT sobre la Crisis Mundial del Empleo. aIncludes bibliographical references.0 apt. 1. Opening session -- pt. 2. Addresses by heads of state and government -- pt. 3. Summary of panel discussions -- pt. 4. Tripartite reflections on the Summit -- pt. 5. Closing statements. aElectronic reproduction.bPalo Alto, Calif. :cebrary,d2011.nAvailable via World Wide Web.nAccess may be limited to ebrary affiliated libraries. 0aGlobal Financial Crisis, 2008-2009. 0aLabor market. 0aEconomic policy. 7aElectronic books.2local2 aInternational Labour Organization.2 aebrary, Inc.40uhttp://site.ebrary.com/lib/rucke/Doc?id=10512155zAn electronic book accessible through the World Wide Web; click to view